000 00322nam a22001337a 4500
008 181009b xxu||||| |||| 00| 0 eng d
020 _a0815126506
041 _aeng
080 _a616.073
100 _a6
101 _aRAD
245 _aRadiographic Positions and Radiologic Procedures
_cBallinger, P.W
942 _2udc
_cBK
999 _c49111
_d49111